Statistiques concernant Paroles Paradis Perdus

Cliquez ici pour prendre le quiz!

Statistiques générales

  • Ce quiz a été pris 89 fois
  • Le résultat moyen est 83 sur 173

Statistiques - réponses

Réponse% Correct
je
87%
ma
85%
le
83%
a
82%
so
82%
I
80%
de
78%
les
75%
Les
75%
tu
72%
la
67%
67%
to
67%
ce
63%
dans
63%
Dans
63%
est
63%
Te
63%
et
62%
un
62%
me
58%
peu
57%
you
55%
be
53%
he
53%
qui
53%
quand
52%
rose
50%
soie
50%
could
48%
déambule
48%
morose
48%
veste
48%
hear
47%
heartless
47%
heartless ?
47%
Heartless
47%
maudit
47%
How
45%
sophistiqué
45%
vieilli
45%
crépuscule
43%
grandiose
43%
rock
43%
caves
38%
Londres
38%
sont
35%
Toutes
35%
chantais
33%
fumée
33%
noyé
32%
nuits
32%
s'effondre
32%
une
32%
comme
30%
souviens-tu
30%
c'est
28%
luxe
28%
musiciens
28%
restais
28%
the
28%
Dandy
27%
In
25%
night
25%
Anglais
22%
ridés
22%
clavier
20%
rappeler
20%
ever
17%
fois
17%
j'essaie
17%
story
17%
accords
15%
Bandit
15%
encore
15%
joli
15%
told
15%
far
13%
lost
13%
détonnait
10%
his
10%
soul
10%
them
10%
Somewhere
8%
woman
8%
coldest
7%
road
7%
this
7%
along
5%
talk
5%

Distribution des résultats

Percentile par nombre de réponses

% des personnes avec chaque résultat

Votre développement - résultats

Vous n’avez pas pris ce quiz